Instruments without Vowels - Statistics

General Stats
  • This quiz has been taken 24 times
  • The average score is 12 of 15
Answer Stats
Without Vowels Answer % Correct
Flt flute
100%
Gtr guitar
100%
Pn piano
100%
Sxphn saxophone
100%
Vln violin
100%
Xylphn xylophone
95%
Bgpps bagpipes
91%
Clrnt clarinet
91%
Trngl triangle
86%
Vl viola
86%
Cll cello
82%
rgn organ
68%
b oboe
64%
ctbss octobass
27%
Gzhng guzheng
14%
No matching quizzes found
Score Distribution
Percent of People with Each Score
Percentile by Number Answered
Your Score History
You have not taken this quiz